000 00518nam a2200193Ia 4500
005 20250508160445.0
008 008 250505s9999 xx 000 0 eng d
037 _aTextual
040 _aFEDL
_beng
_cFEDL
041 _aeng
_2eng
084 _a170, MAR
_qFEDL
100 _aMartin Charles G.
_980896
245 0 _aIntroduction to ethics
260 _aLondon, UK
_bLongmans, Green and Co.
_c1968
300 _avii,98p.
650 _aEthics
942 _cTEXL
_h170, MAR
999 _c1364710
_d1364710